Normal view
MARC view
- WELDING . WELDING-EQUIPMENT AND SUPPLIES
Entry Topical Term
001 - CONTROL NUMBER
- control field: 63431
003 - CONTROL NUMBER IDENTIFIER
- control field: NUST
005 - DATE AND TIME OF LATEST TRANSACTION
- control field: 20210628203123.0
008 - FIXED-LENGTH DATA ELEMENTS
- fixed length control field: 210628|| aca||aabn | a|a d
040 ## - CATALOGING SOURCE
- Original cataloging agency: NUST
- Transcribing agency: NUST
150 ## - HEADING--TOPICAL TERM
- Topical term or geographic name entry element: WELDING . WELDING-EQUIPMENT AND SUPPLIES
670 ## - SOURCE DATA FOUND
- Source citation: Work cat.: (NUST): PDF 56879, WELDING COMPLETE , TECHNIQUES, PROJECT PLANS AND INSTRUCTIONS, 2009
